World of Warcraft Most Popular Races - Statistics

General Stats
  • This quiz has been taken 1,008 times
  • The average score is 8 of 11
Answer Stats
Percent Race % Correct
19% Human
100%
14% Blood Elf
89%
13% Night Elf
86%
5% Troll
73%
5% Dwarf
72%
5% Gnome
72%
5% Orc
69%
7% Tauren
69%
6% Forsaken
67%
8% Draenei
64%
4% Goblin
54%
No matching quizzes found
Score Distribution
Percent of People with Each Score
Percentile by Number Answered
Your Score History
You have not taken this quiz